000 00363nam a2200145Ia 4500
999 _c30933
_d30933
003 OSt
005 20250710130718.0
008 250310s9999||||xx |||||||||||||| ||und||
040 _c.
082 _a823
_bP994
100 _95995
_aPuzo, Mario
245 0 _aFools die /
_cMario Puzo
260 _aBombay :
_bAllied publishers private limited,
_c1978.
942 _cBK
_2ddc